Postminimalism into maximalism : (Record no. 22169)

000 -LEADER
fixed length control field 01142pam a2200289 a 4500
001 - CONTROL NUMBER
control field 989677
005 - DATE AND TIME OF LATEST TRANSACTION
control field 20170123150225.0
008 - FIXED-LENGTH DATA ELEMENTS--GENERAL INFORMATION
fixed length control field 860911s1987 miua b 001 0 eng
010 ## - LIBRARY OF CONGRESS CONTROL NUMBER
LC control number 86024925
020 ## - INTERNATIONAL STANDARD BOOK NUMBER
International Standard Book Number 0835717631 (alk. paper)
043 ## - GEOGRAPHIC AREA CODE
Geographic area code n-us---
050 00 - LIBRARY OF CONGRESS CALL NUMBER
Classification number N6512 .P493 1987
100 2# - MAIN ENTRY--PERSONAL NAME
Personal name Pincus-Witten, Robert.
245 10 - TITLE STATEMENT
Title Postminimalism into maximalism :
Remainder of title American art, 1966-1986 /
Statement of responsibility, etc. by Robert Pincus-Witten.
260 ## - PUBLICATION, DISTRIBUTION, ETC. (IMPRINT)
Place of publication, distribution, etc. Ann Arbor, Mich. :
Name of publisher, distributor, etc. UMI Research Press,
Date of publication, distribution, etc. c1987.
300 ## - PHYSICAL DESCRIPTION
Extent xvi, 429 p. :
Other physical details ill. ;
Dimensions 24 cm.
440 #0 - SERIES STATEMENT/ADDED ENTRY--TITLE
Title Studies in the fine arts.
Name of part/section of a work Criticism ;
Volume/sequential designation no. 22
500 ## - GENERAL NOTE
General note Rev. from two previously published anthologies: Minimalism and Entries (Maximalism).
504 ## - BIBLIOGRAPHY, ETC. NOTE
Bibliography, etc Includes bibliographies and index.
650 #0 - SUBJECT ADDED ENTRY--TOPICAL TERM
Topical term or geographic name as entry element Art, American
Chronological subdivision 20th century
General subdivision Themes, motives.
650 #0 - SUBJECT ADDED ENTRY--TOPICAL TERM
Topical term or geographic name as entry element Avant-garde (Aesthetics)
Geographic subdivision United States
General subdivision History
Chronological subdivision 20th century
General subdivision Themes, motives.
942 ## - ADDED ENTRY ELEMENTS (KOHA)
Source of classification or shelving scheme
Koha item type Hard Covered Materials
Classification part N6512 .P493 1987
Holdings
Withdrawn status Lost status Source of classification or shelving scheme Damaged status Not for loan Home library Current library Shelving location Date acquired Source of acquisition Total Checkouts Full call number Barcode Date last seen Price effective from Koha item type
          MACHAKOS UNIVERSITY LIBRARY MACHAKOS UNIVERSITY LIBRARY Technical section 23/01/2017 Donation(BFA)   N6512 .P493 1987 31748 23/07/2018 23/01/2017 Hard Covered Materials
© Machakos University Library, Along The Highway, Machakos Wote Rd, Machakos, Kenya P.O. Box 136 - 90100 Machakos - Kenya

Tel: ( +254 ) 723 805829 OR Fax : 044-20353 OR Email: library@mksu.ac.ke